000 00548nam a22001937a 4500
003 OSt
005 20140310182802.0
008 130213t xxu||||| |||| 00| 0 eng d
020 _a9780857080448
050 _aHF 5718.22
_b.D287 2010
082 _aHF5718.22
_b.D287 2010
245 _aThe Presentation coach :
_cGraham Davies.
_bbare knuckle brilliance for every presenter /
260 _aChichester :
_bCapstone,
_c2010.
300 _a270 p. :
_c22 cm.
521 _aMC
650 _aCommunication
942 _2lcc
_cBK
_kLOC
999 _c15992
_d15992